| 000 -LEADER |
| fixed length control field |
01119nam a2200265Ia 4500 |
| 001 - CONTROL NUMBER |
| control field |
17437 |
| 003 - CONTROL NUMBER IDENTIFIER |
| control field |
GE_BSU |
| 005 - DATE AND TIME OF LATEST TRANSACTION |
| control field |
20200213141218.0 |
| 008 - FIXED-LENGTH DATA ELEMENTS--GENERAL INFORMATION |
| fixed length control field |
181216s2015 xx |||||||||||||| ||rus|| |
| 020 ## - INTERNATIONAL STANDARD BOOK NUMBER |
| International Standard Book Number |
978-5-86547-476-0 |
| 040 ## - CATALOGING SOURCE |
| Transcribing agency |
GE_BSU |
| 080 ## - UNIVERSAL DECIMAL CLASSIFICATION NUMBER |
| Universal Decimal Classification number |
811.161.1 С-44 |
| 100 ## - MAIN ENTRY--PERSONAL NAME |
| Personal name |
Скороходов Л. |
| 9 (RLIN) |
7058 |
| 245 ## - TITLE STATEMENT |
| Title |
Окно в Россию : Часть первая : |
| Remainder of title |
учебное пособие по русскому языку как иностранному для продвинутого этапа / |
| Statement of responsibility, etc. |
Л.Скороходов ; О. Хорохордина ; Ред. Е.В.Евстратова. |
| 250 ## - EDITION STATEMENT |
| Edition statement |
4-е издание |
| 264 ## - PRODUCTION, PUBLICATION, DISTRIBUTION, MANUFACTURE, AND COPYRIGHT NOTICE |
| Place of production, publication, distribution, manufacture |
Санкт-Петербург : |
| Name of producer, publisher, distributor, manufacturer |
Златоуст, |
| Date of production, publication, distribution, manufacture, or copyright notice |
2015. |
| 300 ## - PHYSICAL DESCRIPTION |
| Extent |
190 стр. ; |
| Other physical details |
ил ; |
| Dimensions |
29 см, |
| 300 ## - PHYSICAL DESCRIPTION |
| Other physical details |
+ 1 CD |
| 653 ## - INDEX TERM--UNCONTROLLED |
| keyword |
Окно в Россию |
| 653 ## - INDEX TERM--UNCONTROLLED |
| keyword |
учебное пособие по русскому языку |
| 653 ## - INDEX TERM--UNCONTROLLED |
| keyword |
რუსული ენა |
| 700 ## - ADDED ENTRY--PERSONAL NAME |
| Personal name |
Хорохордина, О |
| 9 (RLIN) |
7059 |
| 700 ## - ADDED ENTRY--PERSONAL NAME |
| Personal name |
Евстратова ; Е.В. |
| Relator term |
რედაქტორი |
| 9 (RLIN) |
7060 |
| 942 ## - ADDED ENTRY ELEMENTS (KOHA) |
| Koha item type |
წიგნი |
| Source of classification or shelving scheme |
|